Japanese Prefectures Not on Honshu (with a map) - Statistics

General Stats
  • This quiz has been taken 206 times
  • The average score is 11 of 13
Answers on the Map
Answers color-coded by a green-red scale on the quiz's map according to % correct below.
 
Answer Stats
Prefecture % Correct
Hokkaido
100%
Okinawa
95%
Nagasaki
94%
Fukuoka
90%
Ehime
83%
Kagoshima
83%
Kumamoto
83%
Saga
81%
Kōchi
78%
Miyazaki
78%
Tokushima
78%
Ōita
77%
Kagawa
76%
No matching quizzes found
Score Distribution
Percent of People with Each Score
Percentile by Number Answered
Your Score History
You have not taken this quiz